[Event "BCF-ch 86th"]
[Site "Scarborough"]
[Date "1999.08.01"]
[Round "1"]
[White "Duncan, Christopher R"]
[Black "Scannell, Stephen P"]
[Result "1/2-1/2"]
[WhiteElo "2297"]
[BlackElo "2069"]
[PlyCount "138"]
[EventDate "1999.08.05"]
[EventType "swiss"]
[EventRounds "11"]
[EventCountry "ENG"]
[SourceTitle "CBM 071 Extra"]
[Source "ChessBase"]
[SourceDate "1999.09.14"]
[SourceVersion "1"]
[SourceVersionDate "1999.09.14"]
[SourceQuality "1"]

1. c4 e6 2. Nc3 d5 3. d4 Nf6 4. Nf3 Be7 5. Bf4 0-0 6. e3 c5 7. dxc5 Bxc5 8. a3 b6 9. Qc2 Bb7 10. Rd1 Nbd7 11. cxd5 exd5 12. Be2 Rc8 13. 0-0 Re8 14. Qb1 a6 15. Rd3 Bf8 16. b4 Ne4 17. Qb3 Nxc3 18. Rxc3 Qf6 19. Rfc1 Rxc3 20. Rxc3 Bd6 21. Bxd6 Qxd6 22. Qc2 Nf8 23. Bd3 g6 24. h4 Ne6 25. Be2 d4 26. Qd2 Rd8 27. Nxd4 Nxd4 28. Qxd4 Qxd4 29. exd4 Rxd4 30. Rc7 Bd5 31. Rd7 Re4 32. Bxa6 Be6 33. Rd6 Re1+ 34. Kh2 Ra1 35. Rxb6 Rxa3 36. Bb7 Kf8 37. Rd6 Ke7 38. Rd4 h5 39. Bc6 Rb3 40. f3 Rb2 41. Kg3 Kf6 42. b5 Ke5 43. Rd8 Bc4 44. Rb8 Kd6 45. Rb7 Re2 46. f4 Be6 47. Bf3 Re3 48. Kf2 Rb3 49. Bc6 Rb4 50. Kg3 Rb3+ 51. Kf2 Rb4 52. Kg3 Rb3+ 53. Kh2 Rb4 54. g3 Rb2+ 55. Kg1 Rb3 56. Kf2 Rb2+ 57. Ke3 Rb3+ 58. Kf2 Rb2+ 59. Kg1 Rb3 60. Kg2 Rb2+ 61. Kf1 Rb3 62. Be8 Rxg3 63. Bxf7 Bxf7 64. Rxf7 Ke6 65. Rf8 Rb3 66. f5+ gxf5 67. Rh8 Rxb5 68. Rxh5 Rb2 69. Rh8 Ke5 1/2-1/2

[Event "IRL-ch"]
[Site "Dublin"]
[Date "1998.??.??"]
[Round "5"]
[White "Fox, Anthony"]
[Black "Scannell, Stephen P"]
[Result "1/2-1/2"]
[WhiteElo "2115"]
[BlackElo "2055"]
[PlyCount "138"]
[EventDate "1998.08.??"]
[EventType "swiss"]
[EventRounds "9"]
[EventCountry "IRL"]
[SourceTitle "EXT 1999"]
[Source "ChessBase"]
[SourceDate "1998.11.16"]
[SourceVersion "1"]
[SourceVersionDate "1998.11.16"]
[SourceQuality "1"]

1. e4 c6 2. d3 d5 3. Nd2 Qc7 4. Ngf3 Bg4 5. h3 Bh5 6. g3 Nd7 7. Bg2 Ngf6 8. 0-0 dxe4 9. dxe4 e5 10. Qe1 Be7 11. b3 0-0-0 12. Bb2 Bxf3 13. Nxf3 Bd6 14. Nh4 Rhe8 15. Qe2 Nc5 16. Rad1 Bf8 17. a4 Ne6 18. Nf3 Rxd1 19. Rxd1 Nc5 20. Nh4 Rd8 21. Rxd8+ Kxd8 22. Qc4 Ne6 23. Nf3 Nd7 24. Qc3 Bd6 25. Qd2 Ke8 26. h4 Nf6 27. Qe2 h6 28. Bh3 Qa5 29. Bxe6 fxe6 30. Nd2 Bc7 31. Nc4 Qc5 32. Kg2 b5 33. axb5 cxb5 34. Ba3 Qd4 35. Bb2 Qxe4+ 36. Qxe4 Nxe4 37. Nxe5 a6 38. Nd3 Kf7 39. Bd4 a5 40. Kf3 Nf6 41. c4 bxc4 42. bxc4 a4 43. Bb2 Nd7 44. Ba3 Nb6 45. Nb2 Be5 46. c5 Bxb2 47. Bxb2 Nc4 48. Bc3 e5 49. Ke4 Ke6 50. f4 exf4 51. gxf4 g6 52. h5 gxh5 53. f5+ Kf7 54. Kf4 a3 55. c6 a2 56. c7 Nd6 57. Be5 Nc8 58. Kg3 Ne7 59. Kh4 Nxf5+ 60. Kxh5 Ne7 61. Kxh6 Ke6 62. Bb2 Kd6 63. Kg5 Kxc7 64. Kf4 Kc6 65. Ke4 Kb5 66. Kd3 Nd5 67. Kc2 Kb4 68. Bg7 Ka3 69. Bf8+ Nb4+ 1/2-1/2